| 000 -LEADER |
| fixed length control field |
01126cam a2200301 a 4500 |
| 001 - CONTROL NUMBER |
| control field |
165623 |
| 003 - CONTROL NUMBER IDENTIFIER |
| control field |
OkBaRHE |
| 005 - DATE AND TIME OF LATEST TRANSACTION |
| control field |
20120110210823.0 |
| 008 - FIXED-LENGTH DATA ELEMENTS--GENERAL INFORMATION |
| fixed length control field |
980622s2001 oku b 001 0 eng |
| 010 ## - LIBRARY OF CONGRESS CONTROL NUMBER |
| LC control number |
98162833 |
| 020 ## - INTERNATIONAL STANDARD BOOK NUMBER |
| International Standard Book Number |
1577943066 |
| 020 ## - INTERNATIONAL STANDARD BOOK NUMBER |
| Cancelled/invalid ISBN |
1577940578 (cover) |
| -- |
1577940571 |
| 040 ## - CATALOGING SOURCE |
| Original cataloging agency |
DLC |
| Transcribing agency |
DLC |
| Modifying agency |
DLC |
| 050 00 - LIBRARY OF CONGRESS CALL NUMBER |
| Classification number |
BS 2825.52 |
| Item number |
.S87 2001 |
| 082 00 - DEWEY DECIMAL CLASSIFICATION NUMBER |
| Classification number |
228/.06 |
| Edition number |
21 |
| 100 1# - MAIN ENTRY--PERSONAL NAME |
| Personal name |
Sutton, Hilton. |
| 9 (RLIN) |
1765 |
| 245 14 - TITLE STATEMENT |
| Title |
The book of Revelation revealed : |
| Remainder of title |
understanding God's master plan for the end of the age / |
| Statement of responsibility, etc |
An in-depth study on the book of Revelation. |
| 250 ## - EDITION STATEMENT |
| Edition statement |
Rev. ed. |
| 260 ## - PUBLICATION, DISTRIBUTION, ETC. (IMPRINT) |
| Place of publication, distribution, etc |
Tulsa, OK |
| Name of publisher, distributor, etc |
Harrison House, Inc. |
| Date of publication, distribution, etc |
2001. |
| 300 ## - PHYSICAL DESCRIPTION |
| Extent |
278 p. ; |
| Dimensions |
22 cm. |
| 500 ## - GENERAL NOTE |
| General note |
Rev. ed. of: Revelation. 1984. 1995. |
| 504 ## - BIBLIOGRAPHY, ETC. NOTE |
| Bibliography, etc |
Includes bibliographical references (p. 269) and index. |
| 630 00 - SUBJECT ADDED ENTRY--UNIFORM TITLE |
| Uniform title |
Bible. |
| Name of part/section of a work |
N.T. |
| -- |
Revelation |
| General subdivision |
Criticism, interpretation, etc. |
| 9 (RLIN) |
1766 |
| 700 1# - ADDED ENTRY--PERSONAL NAME |
| Personal name |
Sutton, Hilton. |
| Title of a work |
Revelation. |
| 9 (RLIN) |
1767 |
| 906 ## - LOCAL DATA ELEMENT F, LDF (RLIN) |
| a |
7 |
| b |
cbc |
| c |
orignew |
| d |
3 |
| e |
ncip |
| f |
19 |
| g |
y-gencatlg |
| 942 ## - ADDED ENTRY ELEMENTS (KOHA) |
| Source of classification or shelving scheme |
|
| Koha item type |
Books |